| 000 | 00592nam a2200181Ia 4500 | ||
|---|---|---|---|
| 003 | PILC | ||
| 005 | 20160218133228.0 | ||
| 008 | 140529s9999 xx 000 0 und d | ||
| 020 | _a9780300125719 | ||
| 050 |
_aBX 2333 _b.F74 2011 |
||
| 100 | _aFreeman, Charles. | ||
| 245 |
_aHoly bones, holy dust : _bhow relics shaped the history of medieval europe / _cCharles Freeman. |
||
| 260 |
_aNew Haven : _bYale University Press, _c2011. |
||
| 300 |
_a306 pages : _billustrations ; _c25 cm. |
||
| 500 | _aIncludes bibliographical references and index. | ||
| 942 |
_kFOR _cBK _2lcc |
||
| 999 |
_c117734 _d117734 |
||